000
00199 a2200097 4500
020
_a
9781607513247
041
_a
spa
100
_a
Galan,Ana
245
_a
Como ahorra sin perder la cabeza
942
_c
BK
999
_c
14875
_d
14875